书目信息 |
| 题名: |
网络经济:数字化商业时代的来临
|
|
| 作者: | 美约翰·弗劳尔 著 | |
| 分册: | ||
| 出版信息: | 内蒙古人民出版社 1997.10 |
|
| 页数: | 356页 | |
| 开本: | 32开 | |
| 丛书名: | ||
| 单 册: | ||
| 中图分类: | TP399 | |
| 科图分类: | ||
| 主题词: | 计算机应用 | |
| 电子资源: | ||
| ISBN: | ||
| 000 | 00585nam0 2200193 45 | |
| 001 | 0308271010 | |
| 005 | 20030827105646.5 | |
| 010 | @dRMB22.80 | |
| 100 | @a20030827d1997 km y0chiy0120 ea | |
| 101 | @achi | |
| 105 | @a z 000yy | |
| 200 | 1 | @a网络经济:数字化商业时代的来临@Awang luo jing ji:shu zi hua shang ye shi dai de lai lin@f[美]约翰.弗劳尔著@F[mei]yue han.fu lao er zhu |
| 210 | @c内蒙古人民出版社@d1997.10 | |
| 215 | @a356页@c无图表@d32开 | |
| 606 | 0 | @a计算机应用 |
| 690 | @aTP399@v3 | |
| 701 | 0 | @a美约翰·弗劳尔@4著 |
| 801 | @aCN@b@c20030827 | |
| 905 | @aBZT@dTP399@e40 | |
| 网络经济:数字化商业时代的来临/[美]约翰.弗劳尔著.-内蒙古人民出版社,1997.10 |
| 356页:无图表;32开 |
| ISBN :RMB22.80 |
| ● |
| 相关链接 |
|
|
|
正题名:网络经济:数字化商业时代的来临
索取号:TP399/40
 
预约/预借
| 序号 | 登录号 | 条形码 | 馆藏地/架位号 | 状态 | 备注 |
| 1 | 85728 | 200082640 | 中心书库中库/ 中库026架A面4列6层40/ [索取号:TP399/40] | 在馆 | |
| 2 | 85729 | 200082613 | 中心书库中库/ 中库026架A面4列6层41/ [索取号:TP399/40] | 在馆 | |
| 3 | 85730 | 200082631 | 中心书库中库/ 中库026架A面4列6层42/ [索取号:TP399/40] | 在馆 |